00582nam a2200169Ia 4500008004100000020001500041041001200056082001600068100001800084245005800102260003700160300000700197650001500204942000700219999001500226952017100241221030s9999 xx 000 0 und d a8125918663 aEnglish a105.23bRaj aS. Rajasekarn 0aEssentials of Engineering Mechanicscby S. Rajasekarn bVikas Pub HouseaNew Delhic2005 a85 aMechanical cBK c4496d4496 pBE 7670g225.00l0o105.23 Rajr2024-06-13 00:00:00w2022-10-30yBK003Print4070aMIETLIBbMIETLIBcBL-Academic Block- A, FL-1, CUP-5, SH-3, R-3d2005-04-2710HBE